00374nam a22001337a 450000500170000000800410001704100130005808200120007110000130008324500420009626000500013830000260018865000260021420240607124612.0240607b |||||||| |||| 00| 0 eng d aEnglish  a349 LAW lEnglish  aThe All England Law Reports: Reprint  aLondon: bButterworth Publishers Ltd, c1965  b1112 pages; c25 cm.  aLegal practice bLaw